[Event "HCL-B083"]
[Site "www.playchess.de"]
[Date "2001.02.05"]
[Round "10"]
[White "costajr"]
[Black "msmsk"]
[WhiteElo "1500"]
[BlackElo "1549"]
[PlyCount "29"]
[Result "1/2-1/2"]

1.e4 e6 2.d4 d5 3.Nd2 Nf6 4.e5 Nfd7 5.Bd3 c5 6.c3 
Nc6 7.Ne2 cxd4 8.cxd4 f6 9.exf6 Nxf6 10.Nf3 Bd6 
11.Bf4 Qa5+ 12.Qd2 Bb4 13.Nc3 O-O 14.O-O Bd7 
15.a3 1/2-1/2

[Event "HCL-B083"]
[Site "www.playchess.de"]
[Date "2001.02.05"]
[Round "11"]
[White "burrango"]
[Black "Stephen21"]
[WhiteElo "1554"]
[BlackElo "1092"]
[PlyCount "97"]
[Result "1-0"]

1.d4 d5 2.c4 dxc4 3.Nc3 Nf6 4.e3 Nc6 5.Bxc4 e6 
6.Nge2 Bb4 7.Bd2 O-O 8.O-O Qd6 9.a3 Bxc3 10.Bxc3 
Ng4 11.g3 e5 12.b4 a6 13.Qd2 Bf5 14.a4 Qh6 15.h4 
g5 16.f3 Nf6 17.e4 Bh3 18.Rf2 Qh5 19.Qxg5+ Qxg5 
20.hxg5 Nh5 21.d5 Ne7 22.Bxe5 Rad8 23.Rh2 Nxg3 
24.Nxg3 Bd7 25.b5 a5 26.Bxc7 Rdc8 27.d6 Ng6 28.Bd5 
Rce8 29.Bxb7 Nf4 30.Bxa5 Nd5 31.Bxd5 Re5 32.f4 
Ree8 33.Re1 Rec8 34.Ree2 Rc1+ 35.Kf2 Rfc8 36.e5 
R8c5 37.e6 fxe6 38.Bxe6+ Bxe6 39.Rxe6 Rd5 40.Re8+ 
Kf7 41.Re7+ Kf8 42.Rhxh7 Rxd6 43.Nf5 Rc2+ 44.Kg3 
Rd3+ 45.Ne3 Rxe3+ 46.Rxe3 Ra2 47.Bb4+ Kg8 48.g6 
Rxa4 49.Re8+ 1-0

[Event "HCL-B083"]
[Site "www.playchess.de"]
[Date "2001.02.05"]
[Round "12"]
[White "Stephen21"]
[Black "Chessamateur"]
[WhiteElo "1092"]
[BlackElo "1412"]
[PlyCount "66"]
[Result "0-1"]

1.g3 Nf6 2.b3 g6 3.Bb2 Bg7 4.Bg2 d5 5.d3 O-O 6.Nf3 
c6 7.O-O Nbd7 8.Nbd2 Re8 9.e3 e5 10.d4 e4 11.Ne5 
Nxe5 12.dxe5 Ng4 13.h3 Nxe5 14.Rb1 Bf5 15.c4 dxc4 
16.Nxc4 Nf3+ 17.Bxf3 exf3 18.Qxd8 Raxd8 19.Bxg7 
Bxb1 20.Rxb1 Kxg7 21.h4 h5 22.Na5 Rd7 23.Nc4 Kf6 
24.Re1 Kf5 25.Nb2 b5 26.Nd1 Rd2 27.Nc3 Rc2 28.Nb1 
Rxa2 29.Nc3 Rc2 30.e4+ Ke5 31.Re3 Kd4 32.Ne2+ Rxe2 
33.Rxe2 fxe2 0-1

[Event "HCL-B083"]
[Site "www.playchess.de"]
[Date "2001.02.05"]
[Round "13"]
[White "paule"]
[Black "Stephen21"]
[WhiteElo "1762"]
[BlackElo "1092"]
[PlyCount "31"]
[Result "1-0"]

1.e4 d5 2.exd5 Qxd5 3.Nc3 Qe5+ 4.Be2 Bg4 5.d4 Bxe2 
6.Ngxe2 Qh5 7.Qd3 Nc6 8.O-O g6 9.d5 Ne5 10.Qb5+ c6 
11.Qxb7 Rd8 12.dxc6 Nxc6 13.Qxc6+ Rd7 14.Rd1 Nf6 
15.Qc8+ Rd8 16.Rxd8+ 1-0

[Event "HCL-B083"]
[Site "www.playchess.de"]
[Date "2001.02.05"]
[Round "14"]
[White "Stephen21"]
[Black "costajr"]
[WhiteElo "1092"]
[BlackElo "1500"]
[PlyCount "65"]
[Result "1-0"]

1.Nf3 Nf6 2.Nc3 g6 3.e4 d6 4.d4 Bg7 5.Qd2 Bg4 
6.Be2 O-O 7.Qf4 Qc8 8.O-O Nc6 9.h3 Bxf3 10.Bxf3 
Nxd4 11.Be3 Nxc2 12.Rad1 Nxe3 13.Qxe3 Re8 14.e5 
dxe5 15.Qxe5 Nd7 16.Qd5 Rd8 17.Ne4 c6 18.Qc4 Ne5 
19.Qb3 Nxf3+ 20.Qxf3 Bxb2 21.Ng5 f5 22.Qb3+ Rd5 
23.Qxb2 Qd7 24.Qb3 e6 25.Rfe1 Re8 26.g3 h6 27.Nf3 
Rd8 28.Ne5 Qd6 29.Kh2 Rxd1 30.Rxd1 Qe7 31.Rxd8+ 
Qxd8 32.Qxe6+ Kh8 33.Nf7+ 1-0

[Event "HCL-B083"]
[Site "www.playchess.de"]
[Date "2001.02.05"]
[Round "15"]
[White "msmsk"]
[Black "Stephen21"]
[WhiteElo "1549"]
[BlackElo "1092"]
[PlyCount "95"]
[Result "1-0"]

1.b4 a5 2.b5 c6 3.a4 e6 4.Bb2 Nf6 5.c4 d5 6.e3 Ne4 
7.d3 Bb4+ 8.Ke2 Nc5 9.Bxg7 Rg8 10.Bd4 Qg5 11.Bxc5 
Bxc5 12.Nf3 Qf6 13.d4 Bb4 14.Qd3 Nd7 15.cxd5 exd5 
16.Qxh7 Rh8 17.Qc2 c5 18.Nbd2 Nb6 19.Rc1 Bg4 
20.dxc5 Nc4 21.Nxc4 dxc4 22.Qe4+ Be6 23.c6 Qb2+ 
24.Rc2 Qb3 25.Nd4 Qxa4 26.cxb7 Rb8 27.Nxe6 fxe6 
28.Qxe6+ Be7 29.Qxc4 Qxc4+ 30.Rxc4 Rxb7 31.Rc8+ 
Bd8 32.Kd2 Ke7 33.h4 a4 34.Ra8 Rd7+ 35.Ke1 Rh5 
36.Rxa4 Rhd5 37.h5 R5d1+ 38.Ke2 Bb6 39.Ra2 R7d6 
40.g4 R1d5 41.h6 Rxb5 42.h7 Rb4 43.h8Q Rxg4 
44.Rh7+ Ke6 45.Qe8+ Kd5 46.Rh5+ Kc4 47.Qa4+ Kc3 
48.Rc2+ 1-0

[Event "HCL-B083"]
[Site "www.playchess.de"]
[Date "2001.02.05"]
[Round "19"]
[White "costajr"]
[Black "Arn"]
[WhiteElo "1500"]
[BlackElo "1429"]
[PlyCount "61"]
[Result "1-0"]

1.e4 e5 2.Nf3 Nc6 3.Bc4 Nf6 4.Ng5 Qe7 5.Bxf7+ Kd8 
6.Bb3 Ke8 7.Nc3 d6 8.O-O h6 9.Nf3 Bg4 10.h3 Bxf3 
11.Qxf3 Nd4 12.Qd3 Qd7 13.Nd5 c6 14.Nxf6+ gxf6 
15.f4 f5 16.exf5 Nxf5 17.fxe5 Rg8 18.Bxg8 Nh4 
19.Qe2 Qe7 20.Qh5+ Kd8 21.Rf7 Qe8 22.Qxh4+ Be7 
23.Rxe7 Qxe7 24.Qxe7+ Kxe7 25.exd6+ Kxd6 26.Bb3 
Re8 27.d3 b5 28.Bxh6 c5 29.Bf4+ Ke7 30.Re1+ Kf8 
31.Bh6+ 1-0

[Event "HCL-B083"]
[Site "www.playchess.de"]
[Date "2001.02.05"]
[Round "21"]
[White "Stephen21"]
[Black "Arn"]
[WhiteElo "1092"]
[BlackElo "1429"]
[PlyCount "105"]
[Result "1-0"]

1.Nf3 Nc6 2.Nc3 Nf6 3.e3 d5 4.d4 e6 5.Bd3 Bd6 6.b3 
Bb4 7.Bb2 Qd6 8.a3 Bxc3+ 9.Bxc3 Ne7 10.Bb4 Qd7 
11.Bxe7 Qxe7 12.Ne5 a6 13.O-O c5 14.Qf3 O-O 15.c3 
Nd7 16.c4 Nxe5 17.dxe5 b5 18.cxd5 Bb7 19.Qe4 g6 
20.Qf4 Bxd5 21.Rad1 Bxb3 22.Rd2 Rad8 23.Qf6 Qb7 
24.Rb2 Bd5 25.f3 Bc4 26.Bxc4 Qb6 27.h4 h5 28.f4 
Qa5 29.Be2 Qxa3 30.Rbb1 Qa2 31.Rbd1 Rd2 32.Rfe1 
Qd5 33.Bf3 Qd3 34.Rxd2 Qxd2 35.Rd1 Qxe3+ 36.Kh2 b4 
37.Rd8 Rxd8 38.Qxd8+ Kh7 39.Qf6 Kg8 40.f5 exf5 
41.Bd5 Qf4+ 42.Kh1 Qc1+ 43.Kh2 Qf4+ 44.Kh3 Qe3+ 
45.g3 Kh7 46.Qxf7+ Kh6 47.e6 Qd4 48.e7 Qg4+ 49.Kh2 
Qe2+ 50.Bg2 b3 51.e8Q Qxe8 52.Qxe8 c4 
53.Qh8+ 1-0

[Event "HCL-A028"]
[Site "www.playchess.de"]
[Date "2001.02.06"]
[Round "4"]
[White "Nils"]
[Black "kron"]
[WhiteElo "2030"]
[BlackElo "1900"]
[PlyCount "43"]
[Result "1-0"]

1.e4 d5 2.exd5 Qxd5 3.Nc3 Qa5 4.Bc4 Nf6 5.Nf3 c6 
6.O-O Bg4 7.h3 Bxf3 8.Qxf3 e6 9.Ne4 Nxe4 10.Qxe4 
Bd6 11.Re1 Qc7 12.d4 O-O 13.Bg5 Nd7 14.Bd3 g6 
15.c3 e5 16.Rad1 exd4 17.Qxd4 Bc5 18.Qe4 Qb6 
19.Rd2 Kg7 20.Qf4 Rfe8 21.Rxe8 Rxe8 
22.Bc4 1-0

[Event "HCL-A038"]
[Site "www.playchess.de"]
[Date "2001.02.06"]
[Round "29"]
[White "DKCozy"]
[Black "MarkusSSG"]
[WhiteElo "1772"]
[BlackElo "2380"]
[PlyCount "38"]
[Result "0-1"]

1.f4 d5 2.Nf3 g6 3.e3 Bg7 4.Nc3 Nf6 5.Be2 O-O 
6.O-O c5 7.Qe1 d4 8.exd4 cxd4 9.Nb5 Nc6 10.d3 Nd5 
11.Bd2 Qb6 12.Na3 Qxb2 13.Nc4 Qxc2 14.a3 Qa4 
15.Bd1 Qa6 16.Bb3 Bf5 17.Qe2 Nc3 18.Bxc3 dxc3 
19.Bc2 Bg4 0-1

[Event "HCL-A042"]
[Site "www.playchess.de"]
[Date "2001.02.06"]
[Round "12"]
[White "minkin72"]
[Black "teenspirit"]
[WhiteElo "1900"]
[BlackElo "1798"]
[PlyCount "61"]
[Result "1-0"]

1.e4 Nc6 2.d4 d5 3.e5 Bf5 4.Bb5 e6 5.Ne2 f6 6.O-O 
fxe5 7.dxe5 Bc5 8.Nd2 Nge7 9.Nb3 Bb6 10.Bg5 O-O 
11.Bxc6 bxc6 12.Ned4 c5 13.Nc6 Qe8 14.Nxe7+ Kh8 
15.Nxf5 Rxf5 16.f4 h6 17.Bh4 Qa4 18.Bg3 Qe4 19.c3 
Rb8 20.Rf2 a5 21.Nd2 Qd3 22.c4 dxc4 23.Qe2 Qxe2 
24.Rxe2 Rd8 25.Nxc4 Rd4 26.b3 a4 27.Nxb6 cxb6 
28.bxa4 Rf8 29.Rb1 Rb8 30.a5 b5 
31.f5 1-0

[Event "HCL-A042"]
[Site "www.playchess.de"]
[Date "2001.02.06"]
[Round "17"]
[White "teenspirit"]
[Black "bondegnasker"]
[WhiteElo "1798"]
[BlackElo "1624"]
[PlyCount "86"]
[Result "1/2-1/2"]

1.Nf3 e6 2.d4 Nf6 3.Bg5 c5 4.e3 Be7 5.dxc5 Qa5+ 
6.Nbd2 Qxc5 7.Bd3 b6 8.Bxf6 Bxf6 9.c3 Ba6 10.Ne4 
Qe7 11.Bxa6 Nxa6 12.Nd6+ Kf8 13.O-O g6 14.e4 Rd8 
15.e5 Bg7 16.Re1 Nc7 17.Qd2 f6 18.Re4 fxe5 19.Ng5 
Bh6 20.Nxe6+ dxe6 21.Qxh6+ Qg7 22.Qxg7+ Kxg7 
23.Nc4 b5 24.Nxe5 Rd2 25.b3 Rhd8 26.Kf1 Rc2 27.Rd4 
Rd5 28.Rxd5 exd5 29.Rd1 Rxa2 30.c4 bxc4 31.bxc4 
Ra5 32.Ng4 Rc5 33.cxd5 Rxd5 34.Rc1 Ne6 35.Ne3 
{seems a long way till one of us could win that 
position!}  Rb5 {Yes, endgames can take a lot of 
moves. Let's just see a few more, though.}  36.Rc6 
{Ok}  Nd4 37.Rc1 a5 38.g3 Kf6 39.f4 a4 40.Nc4 Nb3 
41.Rd1 Rc5 42.Na3 Kf5 43.Kg2 h6 1/2-1/2

[Event "HCL-A061"]
[Site "www.playchess.de"]
[Date "2001.02.06"]
[Round "11"]
[White "peze"]
[Black "gelus"]
[WhiteElo "1907"]
[BlackElo "1700"]
[PlyCount "75"]
[Result "1-0"]

1.c4 Nf6 2.Nc3 e6 3.Nf3 d5 4.d4 c6 5.e3 Nbd7 6.Bd3 
Bd6 7.Qc2 O-O 8.O-O dxc4 9.Bxc4 Qe7 10.Bd2 e5 
11.Bb3 e4 12.Ng5 Bxh2+ 13.Kxh2 Ng4+ 14.Kg1 Qxg5 
15.Qxe4 Ndf6 16.Qf4 Qxf4 17.exf4 Rd8 18.f3 Nh6 
19.g4 Rxd4 20.Rad1 Nhxg4 21.Bc1 Rxd1 22.Rxd1 Kf8 
23.fxg4 Bxg4 24.Re1 Rd8 25.a4 b6 26.Be3 Bf5 27.a5 
Ng4 28.axb6 Nxe3 29.bxa7 Nc2 30.Rd1 Ra8 31.Bxc2 
Bxc2 32.Rd7 g6 33.Na2 Ba4 34.Nc1 Bd1 35.Nd3 Bg4 
36.Rc7 Kg7 37.Ne5 Be6 38.b4 1-0

[Event "HCL-A062"]
[Site "www.playchess.de"]
[Date "2001.02.06"]
[Round "7"]
[White "chessnut"]
[Black "peze3"]
[WhiteElo "1700"]
[BlackElo "2168"]
[PlyCount "70"]
[Result "1/2-1/2"]

1.d4 Nf6 2.e3 c5 3.c3 b6 4.f4 Bb7 5.Nf3 e6 6.Nbd2 
Be7 7.Bd3 Nd5 8.Qe2 cxd4 9.Nxd4 Bh4+ 10.g3 Nxf4 
11.exf4 Bxh1 12.gxh4 Qxh4+ 13.Qf2 Qxf2+ 14.Kxf2 
Bd5 15.b3 O-O 16.Nb5 Na6 17.b4 d6 18.Nxd6 Rad8 
19.Bxa6 Rxd6 20.a4 Bc6 21.b5 Ba8 22.a5 Rd3 23.axb6 
axb6 24.Nc4 Rxc3 25.Nxb6 Rc2+ 26.Ke3 Rxh2 27.Nxa8 
Rxa8 28.b6 Rh3+ 29.Kd4 Rb3 30.Kc5 h5 31.Bd2 Rb8 
32.Ba5 h4 33.b7 R8xb7 34.Bxb7 Rxb7 35.Be1 
f6 1/2-1/2

[Event "HCL-A064"]
[Site "www.playchess.de"]
[Date "2001.02.06"]
[Round "1"]
[White "peze3"]
[Black "Brrrr"]
[WhiteElo "2168"]
[BlackElo "1796"]
[PlyCount "57"]
[Result "1-0"]

1.d4 Nf6 2.c4 g6 3.Nc3 Bg7 4.e4 d6 5.Nf3 O-O 6.Be2 
e5 7.O-O Nc6 8.d5 Ne7 9.Ne1 Ne8 {Good enough for 
Kasparov.. :-)}  10.Be3 {?? ;-))}  f5 {Some 
thought 9...Ne8 was not particularly useful, 
before Kasparov began playing it regularly.}  
11.f3 {9. ... Nd7 is more useful, but "grey is all 
theory". Sorry, my english is not good.}  f4 
{We're stuck with English or Russian - I speak no 
German at all.}  12.Bf2 {Simply English please}  
h5 {Sure.}  13.c5 g5 14.a4 Rf6 15.Nd3 Rg6 16.a5 g4 
17.Qb3 Bh6 18.cxd6 cxd6 19.Nb5 g3 20.Bxa7 gxh2+ 
21.Kh1 Bd7 22.Bb6 Qb8 23.Nxe5 dxe5 24.d6+ Be6 
25.Bc4 Qc8 26.Bxe6+ Qxe6 27.Qxe6+ Rxe6 28.d7 Nc6 
29.dxe8N {%}  1-0

[Event "HCL-B053"]
[Site "www.playchess.de"]
[Date "2001.02.06"]
[Round "31"]
[White "Jacki"]
[Black "Riza"]
[WhiteElo "1500"]
[BlackElo "1500"]
[PlyCount "65"]
[Result "0-1"]

1.d4 Nf6 2.c4 e6 3.Nc3 Bb4 4.Bg5 h6 5.Bh4 O-O 
6.Qc2 c5 7.e3 d5 8.Nf3 Bxc3+ 9.Qxc3 cxd4 10.Nxd4 
Nc6 11.Bd3 dxc4 12.Bxc4 Nxd4 13.O-O-O Bd7 14.Rxd4 
g5 15.Bxg5 hxg5 16.h4 g4 17.Rf4 Rc8 18.Qe5 Re8 
19.Qg5+ Kf8 20.Qh6+ Kg8 21.Rd1 Rxc4+ 22.Rxc4 e5 
23.f4 gxf3 24.e.p gxf3 25.e4 Rc5 26.Re5 Rxe5 
27.Qc7+ Kb1 28.Qxe5 Qg5+ 29.Qxg5 hxg5 30.exf3 gxf6 
31.Bb5 Rg1+ {nice to c u again...}  32.Kf8 Rh1 
33.Ke8 0-1

[Event "HCL-B068"]
[Site "www.playchess.de"]
[Date "2001.02.06"]
[Round "10"]
[White "trolo"]
[Black "paule"]
[WhiteElo "1798"]
[BlackElo "1669"]
[PlyCount "60"]
[Result "0-1"]

1.e4 e6 2.d4 d5 3.e5 c5 4.c3 Nc6 5.Nf3 Qb6 6.Be2 
cxd4 7.cxd4 Nh6 8.Bd3 Bd7 9.Bc2 Nb4 10.O-O Rc8 
11.Nc3 Nxc2 12.Qxc2 Nf5 13.Rd1 Bb4 14.a3 Bxc3 
15.bxc3 Qa5 16.Qb1 Qxc3 17.Bg5 Qc7 18.g4 Nh6 
19.Bxh6 gxh6 20.Rc1 Qxc1+ 21.Qxc1 Rxc1+ 22.Rxc1 
Ke7 23.Rc7 Rb8 24.Ne1 Kd8 25.Rc3 Rc8 26.Rxc8+ Bxc8 
27.f4 a5 28.h4 h5 29.gxh5 Ke7 30.h6 
f6 0-1

[Event "HCL-B106"]
[Site "www.playchess.de"]
[Date "2001.02.06"]
[Round "14"]
[White "Hubble"]
[Black "polemicz"]
[WhiteElo "1659"]
[BlackElo "1500"]
[PlyCount "40"]
[Result "0-1"]

1.e4 c5 2.g3 Nc6 3.Bg2 d6 4.Ne2 g6 5.O-O Bg7 6.d3 
Nf6 7.f3 O-O 8.Be3 e6 9.c3 b6 10.d4 Ba6 11.a3 Rc8 
12.d5 exd5 13.exd5 Qe7 14.dxc6 Qxe3+ 15.Rf2 Rfe8 
16.Nf4 g5 17.Nh3 Qe1+ 18.Qxe1 Rxe1+ 19.Bf1 Nd5 
20.Nxg5 Ne3 0-1

[Event "HCL-B107"]
[Site "www.playchess.de"]
[Date "2001.02.06"]
[Round "1"]
[White "Peter_Dik"]
[Black "Bauernopfer"]
[WhiteElo "1200"]
[BlackElo "1114"]
[PlyCount "54"]
[Result "0-1"]

1.e4 e5 2.Nf3 Nc6 3.Bc4 Bc5 4.c3 Nf6 5.d4 exd4 
6.cxd4 Bb4+ 7.Bd2 Nxe4 8.Qe2 Qe7 9.O-O Nxd2 
10.Nbxd2 Qxe2 11.Bxe2 Bxd2 12.Nxd2 Nxd4 13.Rfe1 
O-O 14.Rac1 c6 15.Bd3 d5 16.Re7 Rb8 17.Rce1 Be6 
18.Nb3 Nxb3 19.axb3 a6 20.f4 g6 21.h3 Rfe8 
22.Rxe8+ Rxe8 23.f5 gxf5 24.Bxf5 h6 25.Bg4 Kf8 
26.Rc1 Bxg4 27.hxg4 Re2 0-1

[Event "HCL-B114"]
[Site "www.playchess.de"]
[Date "2001.02.06"]
[Round "17"]
[White "JABBERWOCKY"]
[Black "Slide"]
[WhiteElo "1356"]
[BlackElo "1535"]
[PlyCount "58"]
[Result "0-1"]

1.e4 e5 2.Nf3 d6 3.h3 Nf6 4.Nc3 Be7 5.d3 O-O 6.d4 
Nbd7 7.d5 c6 8.Bc4 Qc7 9.Nh4 cxd5 10.Bxd5 Nb6 
11.g3 Nbxd5 12.exd5 Qc4 13.Qf3 e4 14.Qe3 Nxd5 
15.Nxd5 Qxd5 16.b3 Bxh4 17.gxh4 Qe5 18.c3 f5 
19.Qg5 Qxc3+ 20.Kd1 Qxa1 21.h5 Qxa2 22.Rg1 Qxb3+ 
23.Ke1 Qf7 24.h6 g6 25.h4 Qf6 26.Qf4 Bd7 27.h5 Be8 
28.Qg3 Rc8 29.Bd2 Qa1+ 0-1

[Event "HCL-B115"]
[Site "www.playchess.de"]
[Date "2001.02.06"]
[Round "4"]
[White "wuliao"]
[Black "Czentovic"]
[WhiteElo "971"]
[BlackElo "1200"]
[PlyCount "56"]
[Result "0-1"]

1.Nf3 Nf6 2.Nc3 g6 3.d3 Bg7 4.e4 d6 5.Be2 Nc6 
6.O-O e5 7.h3 h6 8.a3 Be6 9.b4 O-O 10.Be3 Qd7 
11.d4 exd4 12.Bxd4 Nxd4 13.Nxd4 Nh7 14.Nxe6 fxe6 
15.Bc4 Bxc3 16.Rb1 Bg7 17.f4 Kh8 18.Bd3 Bd4+ 
19.Kh2 e5 20.fxe5 Bxe5+ 21.Kg1 Rxf1+ 22.Qxf1 Rf8 
23.Qe2 Ng5 24.h4 Ne6 25.Qg4 Rf6 26.h5 g5 27.Rf1 
Rxf1+ 28.Kxf1 Qf7+ 0-1

[Event "HCL-B116"]
[Site "www.playchess.de"]
[Date "2001.02.06"]
[Round "2"]
[White "SAROS"]
[Black "plobi"]
[WhiteElo "1372"]
[BlackElo "1500"]
[PlyCount "63"]
[Result "1-0"]

1.e4 c5 2.c3 g6 3.Bc4 Nc6 4.d4 e6 5.Nf3 Bg7 6.O-O 
Nf6 7.Re1 d5 8.exd5 Nxd5 9.dxc5 O-O 10.Nbd2 b6 
11.cxb6 Nxb6 12.Bb3 Bb7 13.Ne4 Qxd1 14.Bxd1 Ne5 
15.Nxe5 Bxe5 16.Nc5 Bxh2+ 17.Kxh2 Bc6 18.Bh6 Rfd8 
19.Bb3 Bd5 20.Bxd5 Rxd5 21.Be3 Nc4 22.Na4 Rh5+ 
23.Kg1 Nxe3 24.Rxe3 Rc8 25.Rae1 Rc4 26.R3e4 Rh4 
27.Rxh4 Rxh4 28.b4 Kg7 29.Nb2 f5 30.Rxe6 Kh6 31.f3 
Kg5 32.g3 1-0

[Event "HCL-B129"]
[Site "www.playchess.de"]
[Date "2001.02.06"]
[Round "7"]
[White "King_Safety"]
[Black "Brussels_Hooligan"]
[WhiteElo "1223"]
[BlackElo "1439"]
[PlyCount "96"]
[Result "0-1"]

1.d4 Nf6 2.Nf3 c5 3.c3 b6 4.Bf4 Ba6 5.Nbd2 Nc6 
6.e3 Bxf1 7.Nxf1 d5 8.N1d2 e6 9.O-O Be7 10.Ne5 
Nxe5 11.Bxe5 O-O 12.Nf3 b5 13.dxc5 Bxc5 14.Nd2 Nd7 
15.Nf3 f6 16.Bd4 Bd6 17.Re1 e5 18.Qb3 Bc7 19.Qxd5+ 
Rf7 20.Qxb5 exd4 21.exd4 Rb8 22.Qe2 Bd6 23.Qc4 
Rxb2 24.Qd5 Nb6 25.Qe6 Kf8 26.Qf5 g6 27.Qe6 Qd7 
28.Re3 Bf4 29.Re4 Qxe6 30.Rxe6 Rc2 31.g3 Bh6 
32.Rae1 Rxc3 33.R6e8+ Kg7 34.h4 Rxf3 35.Kg2 Rd3 
36.Rd8 Nc4 37.Ree8 Bd2 38.Reg8+ Kh6 39.a4 Ba5 
40.Rd5 Bb6 41.g4 Rxd4 42.g5+ fxg5 43.hxg5+ Kh5 
44.Rxd4 Bxd4 45.Kg3 Bxf2+ 46.Kg2 Ne3+ 47.Kh3 Rf4 
48.Rg7 Rh4+ {Thank you.  It was a nice game. Hope 
we will meet over the chess board in the future.} 
 0-1

[Event "HCL-B131"]
[Site "www.playchess.de"]
[Date "2001.02.06"]
[Round "4"]
[White "victor"]
[Black "yar75028"]
[WhiteElo "1200"]
[BlackElo "1500"]
[PlyCount "46"]
[Result "0-1"]

1.e4 e5 2.Nf3 Nc6 3.Bc4 Bc5 4.O-O Nf6 5.d3 d5 
6.exd5 Nxd5 7.Re1 O-O 8.Nxe5 Bxf2+ 9.Kxf2 Nxe5 
10.Rxe5 Qh4+ 11.Kf1 Qf6+ 12.Qf3 Qxe5 13.Bxd5 Qxh2 
{welcome back. it's been awhile.}  14.Be3 {the 
waiting is worth it.}  c6 {how's it going?}  
15.Be4 {fine, i had some good sex.}  Qh4 {site 
site has problems. my pswd came up wrong and it 
wasn't. and i'm not getting email notification}  
16.Bf2 {as i understand, the system is not yet 
perfect. it will be better in the next two weeks.} 
 Qe7 {i don't remember being so far down in this 
gamme, but i guess i am.}  17.Qh5 {we can always 
have a rematch.}  f5 {thanks for the offer.}  
18.Bf3 Qb4 19.Bd4 {DO you play in other websites?} 
 Qxd4 {i hope that was a mistake & not a trap. i 
play 2 other sites.}  20.Nc3 Bd7 21.Re1 Rae8 
22.Rd1 Rf6 23.a3 Rh6 0-1

[Event "HCL-B136"]
[Site "www.playchess.de"]
[Date "2001.02.06"]
[Round "8"]
[White "pdqbach"]
[Black "frm"]
[WhiteElo "1152"]
[BlackElo "1704"]
[PlyCount "58"]
[Result "0-1"]

1.e4 d6 2.d4 Nf6 3.Nc3 g6 4.Nf3 Bg7 5.Be3 O-O 
6.Bd3 Nc6 7.O-O e5 8.d5 Ne7 9.Nh4 Ng4 10.Qe2 Nxd5 
11.Nxd5 Qxh4 12.h3 Nxe3 13.Qxe3 c6 14.Nc3 Bh6 
15.Qf3 f5 16.Rae1 f4 17.Kh2 Be6 18.g4 g3+ 19.Qxg3 
Bf4 20.Re3 Qxh3+ 21.Kg1 Bxg3 22.Rxg3 Qh5 23.Be2 
Qh4 24.Rd1 Rad8 25.b3 Rf6 26.Rg2 Kh8 27.Rd3 Rdf8 
28.f3 Bh3 29.Rf2 Qg3+ 0-1

[Event "HCL-B139"]
[Site "www.playchess.de"]
[Date "2001.02.06"]
[Round "7"]
[White "Stephen21"]
[Black "Gruhni"]
[WhiteElo "1216"]
[BlackElo "1349"]
[PlyCount "76"]
[Result "0-1"]

1.Nf3 Nc6 2.Nc3 e5 3.e3 d6 4.Bb5 a6 5.Bxc6+ bxc6 
6.d4 exd4 7.Nxd4 Bb7 8.Bd2 Nf6 9.Qe2 Be7 10.O-O 
Nd5 11.e4 Nxc3 12.Qg4 Nb5 13.Nf5 g6 14.Nxe7 Qxe7 
15.Rae1 Qe6 16.Qxe6+ fxe6 17.e5 Kd7 18.c4 Nd4 
19.Be3 Nc2 20.Re2 Nxe3 21.fxe3 Rhf8 22.Ref2 Ke7 
23.exd6+ cxd6 24.b4 Rxf2 25.Rxf2 a5 26.a3 axb4 
27.axb4 Ra1+ 28.Rf1 Rxf1+ 29.Kxf1 Ba6 30.b5 cxb5 
31.cxb5 Bxb5+ 32.Kf2 d5 33.Kf3 e5 34.g4 d4 35.exd4 
exd4 36.Ke4 d3 37.Ke3 Kf6 38.h3 
Kg5 0-1

[Event "HCL-C050"]
[Site "www.playchess.de"]
[Date "2001.02.06"]
[Round "19"]
[White "Tass"]
[Black "Zzax"]
[WhiteElo "1000"]
[BlackElo "898"]
[PlyCount "70"]
[Result "1/2-1/2"]

1.e4 Nc6 2.Nf3 d5 3.exd5 Qxd5 4.Nc3 Qa5 5.d4 Bg4 
6.Bd2 O-O-O 7.Nb5 Qb6 8.Be3 e6 9.h3 Bh5 10.g4 Bg6 
11.d5 Qa5+ 12.Bd2 Qa4 13.dxc6 Bxc2 14.cxb7+ Kb8 
15.Qe2 Bd3 16.Qe5 Qe4+ 17.Qxe4 Bxe4 18.Be2 Kxb7 
19.O-O Bxf3 20.Bxf3+ Kb6 21.Be3+ Kxb5 22.Rac1 c5 
23.Rfd1 Rxd1+ 24.Rxd1 h5 25.Rd8 Be7 26.Rb8+ Kc4 
27.Rb7 hxg4 28.hxg4 a5 29.Rd7 Kb5 30.a4+ Kc4 
31.Be2+ Kb3 32.Rb7+ Kc2 33.Rb5 Nf6 34.Bxc5 Bxc5 
35.Rxc5+ Kxb2 1/2-1/2

[Event "HCL-C066"]
[Site "www.playchess.de"]
[Date "2001.02.06"]
[Round "27"]
[White "helmet"]
[Black "dragao"]
[WhiteElo "1299"]
[BlackElo "1000"]
[PlyCount "62"]
[Result "1-0"]

1.d4 f6 2.e4 e5 3.Nf3 Bb4+ 4.c3 c6 5.cxb4 Qb6 6.a3 
c5 7.dxc5 Qc7 8.Nc3 f5 9.exf5 e4 10.Qe2 d5 11.cxd6 
e.p 12.Qxd6 Qxe4+ 13.Qe7 Bd3 14.Nf6 Qxe7+ 15.Kxe7 
O-O 16.h5 Bg5 17.Nc6 Rfe1+ 18.Kd8 Nd5 19.Re8 Bxf6+ 
20.gxf6 Rxe8+ 21.Kxe8 Nc7+ 22.Kd7 Nxa8 23.Ke8 Nc7+ 
24.Ke7 Re1+ 25.Kd8 Ne6+ 26.Ke7 Nf4+ 27.Kf7 Bc4+ 
28.Kg7 Be6 29.Bxe6 Rxe6 30.Kh6 h4 31.Nd8 
Rxf6+ 1-0

[Event "HCL-C092"]
[Site "www.playchess.de"]
[Date "2001.02.06"]
[Round "7"]
[White "TuffGong"]
[Black "pablo"]
[WhiteElo "1000"]
[BlackElo "1117"]
[PlyCount "37"]
[Result "1-0"]

1.e4 d6 2.d4 g6 3.Nf3 Bg7 4.Nc3 Nf6 5.Bc4 c6 6.Ng5 
d5 7.exd5 cxd5 8.Bb5+ Bd7 9.Qf3 O-O 10.Bd2 Bxb5 
11.Nxb5 Qb6 12.a4 a6 13.Nc3 Qxd4 14.O-O Qxd2 15.h4 
Qd4 16.Rfd1 Qxh4 17.Nh3 Nc6 18.Rde1 Rac8 
19.Nf4 1-0

[Event "HCL-C109"]
[Site "www.playchess.de"]
[Date "2001.02.06"]
[Round "5"]
[White "Hubb"]
[Black "Goldie"]
[WhiteElo "1000"]
[BlackElo "1000"]
[PlyCount "21"]
[Result "1-0"]

1.e4 c5 2.Nf3 Nf6 3.Nc3 Na6 4.a3 h5 5.Bc4 e6 6.Bb3 
g6 7.d4 Bd6 8.e5 Bc7 9.Bg5 Ba5 10.Bxf6 Qc7 
11.Bxh8 1-0

[Event "HCL-C114"]
[Site "www.playchess.de"]
[Date "2001.02.06"]
[Round "7"]
[White "ChessHammer"]
[Black "cueball"]
[WhiteElo "1044"]
[BlackElo "1000"]
[PlyCount "25"]
[Result "1-0"]

1.e4 e5 2.Nf3 Nc6 3.Bc4 Nh6 4.c3 f6 5.d4 Na5 6.Be2 
c5 7.Bxh6 Qb6 8.Bc1 Nc6 9.d5 Na5 10.Nbd2 d6 11.c4 
Bg4 12.a3 Qa6 13.b4 1-0

[Event "HCL-C114"]
[Site "www.playchess.de"]
[Date "2001.02.06"]
[Round "15"]
[White "ChessHammer"]
[Black "Platon"]
[WhiteElo "1044"]
[BlackElo "980"]
[PlyCount "23"]
[Result "1-0"]

1.e4 e5 2.Nf3 d6 3.d4 Nc6 4.dxe5 Nxe5 5.Be2 Nxf3+ 
6.Bxf3 f5 7.exf5 c6 8.Bh5+ g6 9.fxg6 h6 10.g7+ Kd7 
11.gxh8Q Nf6 12.Bg4+ 1-0

[Event "HCL-C117"]
[Site "www.playchess.de"]
[Date "2001.02.06"]
[Round "11"]
[White "nikk"]
[Black "babycakes"]
[WhiteElo "1118"]
[BlackElo "1000"]
[PlyCount "37"]
[Result "1-0"]

1.e4 e5 2.Nf3 Nf6 3.Nxe5 Nxe4 4.Qe2 d5 5.d3 Qe7 
6.dxe4 Qxe5 7.exd5 Qxe2+ 8.Bxe2 Bd6 9.O-O O-O 
10.Be3 Bf5 11.c4 Be5 12.Nc3 Bxc3 13.bxc3 c6 14.Bf3 
Bd3 15.Rfd1 Bxc4 16.d6 Be6 17.Rd2 Na6 18.Rc1 Rad8 
19.Bxa7 1-0

[Event "HCL-C117"]
[Site "www.playchess.de"]
[Date "2001.02.06"]
[Round "24"]
[White "tiberiuskirk"]
[Black "Platon"]
[WhiteElo "986"]
[BlackElo "963"]
[PlyCount "23"]
[Result "1-0"]

1.e4 e5 2.Nf3 d5 3.exd5 Qxd5 4.Nc3 Qd6 5.Be2 Bg4 
6.d4 Nc6 7.d5 Bxf3 8.Bxf3 g6 9.dxc6 b6 10.Qxd6 
Bxd6 11.Nb5 Nf6 12.Nxd6+ 1-0

[Event "HCL-C125"]
[Site "www.playchess.de"]
[Date "2001.02.06"]
[Round "4"]
[White "surak"]
[Black "Impi"]
[WhiteElo "1198"]
[BlackElo "1138"]
[PlyCount "21"]
[Result "1-0"]

1.e4 c5 2.c3 d6 3.d4 cxd4 4.cxd4 Nf6 5.Nc3 e6 
6.Nf3 Nbd7 7.Bb5 Be7 8.O-O O-O 9.Bg5 h6 10.Bh4 g5 
11.Bg3 1-0

[Event "HCL-C125"]
[Site "www.playchess.de"]
[Date "2001.02.06"]
[Round "32"]
[White "Impi"]
[Black "Stefan"]
[WhiteElo "1138"]
[BlackElo "1439"]
[PlyCount "20"]
[Result "0-1"]

1.e4 d6 2.d4 Nf6 3.Nc3 g6 4.Bc4 Bg7 5.Bb3 O-O 6.f4 
Nc6 7.Nf3 Bg4 8.h3 Bxf3 9.gxf3 e5 10.fxe5 
dxe5 0-1

[Event "HCL-C128"]
[Site "www.playchess.de"]
[Date "2001.02.06"]
[Round "6"]
[White "Sirob11"]
[Black "kldr"]
[WhiteElo "1000"]
[BlackElo "1487"]
[PlyCount "20"]
[Result "0-1"]

1.e4 e5 2.Nf3 Nc6 3.d4 exd4 4.Nxd4 Nxd4 5.Qxd4 d6 
6.Nc3 Be7 7.Bc4 Nf6 8.Bf4 O-O 9.O-O Be6 10.Nd5 
Nxd5 0-1

[Event "HCL-C133"]
[Site "www.playchess.de"]
[Date "2001.02.06"]
[Round "13"]
[White "Hanbei"]
[Black "waxneedles"]
[WhiteElo "988"]
[BlackElo "815"]
[PlyCount "48"]
[Result "0-1"]

1.e4 e5 2.f4 exf4 3.Nf3 g5 4.d4 d6 5.d5 Nf6 6.Qd4 
Bg7 7.Bb5+ Bd7 8.Nc3 Nh5 9.Qb4 c5 10.Bxd7+ Qxd7 
11.Qb5 Bxc3+ 12.bxc3 Qxb5 13.Nxg5 Nd7 14.Rf1 f6 
15.Ne6 Qc4 16.Bd2 Qxe4+ 17.Kd1 Qxg2 18.Re1 Ne5 
19.Nc7+ Kd7 20.Nxa8 Nf3 21.Re2 Qf1+ 22.Be1 Rxa8 
23.Re4 Re8 24.Rxe8 Kxe8 0-1